Pulau orang kerdil
| Main Author: | |
|---|---|
| Format: | Book |
| Published: |
Petaling Jaya :
Uni-Text Distributors Sdn Bhd ,
1987
|
| Subjects: |
MARC
| LEADER | 00000cam a2200000 7i4500 | ||
|---|---|---|---|
| 001 | 0000007229 | ||
| 002 | 000007776 | ||
| 005 | 20000330.0 | ||
| 020 | |a 9679350738 | ||
| 090 | 0 | 0 | |a JF |b ZAI |
| 100 | 0 | |a Zailiani Taslim | |
| 245 | 1 | 0 | |a Pulau orang kerdil |c Zailiani Taslim |
| 260 | |a Petaling Jaya : |b Uni-Text Distributors Sdn Bhd , |c 1987 | ||
| 300 | |a 36p. : |b ill. ; |c 21cm. | ||
| 650 | 0 | 0 | |a Children's stories, Malay |
| 999 | |a 021383 |b BUKU |c PINJAMAN |e PERPUSTAKAAN KOMUNITI PETALING JAYA | ||